| 000 -CABECERA |
| campo de control de longitud fija |
01776nam a22002297a 4500 |
| 003 - IDENTIFICADOR DEL NÚMERO DE CONTROL |
| campo de control |
OSt |
| 005 - FECHA Y HORA DE LA ÚLTIMA TRANSACCIÓN |
| campo de control |
20260226172631.0 |
| 008 - DATOS DE LONGITUD FIJA--INFORMACIÓN GENERAL |
| campo de control de longitud fija |
260226b ||||| |||| 00| 0 spa d |
| 020 ## - NÚMERO INTERNACIONAL ESTÁNDAR DEL LIBRO |
| Número Internacional Estándar del Libro |
9786287779143 |
| 040 ## - FUENTE DE LA CATALOGACIÓN |
| Centro/agencia transcriptor |
CO-Mq BPB |
| 041 ## - CÓDIGO DE LENGUA |
| Código de lengua del texto/banda sonora o título independiente |
spa |
| 082 ## - NÚMERO DE LA CLASIFICACIÓN DECIMAL DEWEY |
| Número de clasificación |
AN |
| Número de documento/Ítem |
MENv |
| 100 ## - ENTRADA PRINCIPAL--NOMBRE DE PERSONA |
| Nombre de persona |
Mendoza, Mario |
| Término indicativo de función/relación |
autor |
| 245 ## - MENCIÓN DE TÍTULO |
| Título |
Vírgenes y toxicómanos |
| 264 ## - PRODUCCIÓN, PUBLICACIÓN, DISTRIBUCIÓN, FABRICACIÓN Y COPYRIGHT |
| Producción, publicación, distribución, fabricación y copyright |
Bogotá; |
| Nombre del de productor, editor, distribuidor, fabricante |
Planeta, |
| Fecha de producción, publicación, distribución, fabricación o copyright |
2025 |
| 300 ## - DESCRIPCIÓN FÍSICA |
| Extensión |
249 páginas; |
| Otras características físicas |
Tapa dura, |
| Dimensiones |
23 cm |
| 521 ## - NOTA DE PÚBLICO DESTINATARIO |
| Nota de público destinatario |
Vírgenes y toxicómanos es una de las novelas más aterradoras, desconcertantes y misteriosas escritas por Mario Mendoza.<br/><br/>Anton Echeverry, un padre ejemplar y un profesional comprometido con la defensa de los derechos humanos, sufre una crisis profunda tras la muerte de su esposa en extrañas circunstancias. Su mundo se resquebraja y lo único que logra frenar su caída al abismo es su hijo Martín, un brillante estudiante de Sociología, que quedó discapacitado en un accidente años atrás. Un día, escucha por casualidad una conversación entre el joven y su mejor amigo, un compañero de universidad, hijo de un político, que anda en muletas por una poliomielitis, en la que comentan que ellos son “la tristeza de Dios”. Afligido por estas palabras, Anton pone en marcha un audaz plan para ayudarlo. Su estrategia impactará la vida de Martín y la de quienes lo rodean más allá de cualquiera de sus expectativas. Un suceso inesperado pondrá todo patas arriba e instalará al atribulado padre en la irrealidad y el delirio. En esta historia nada es lo que parece.<br/><br/>Hay muchos mundos, muchos estados. Todos estamos en tránsito. Nada aparece de la nada y nada desaparece del todo. |
| 650 ## - PUNTO DE ACCESO ADICIONAL DE MATERIA--TÉRMINO DE MATERIA |
| Término de materia o nombre geográfico como elemento de entrada |
Dolor, pérdida y duelo |
| 650 ## - PUNTO DE ACCESO ADICIONAL DE MATERIA--TÉRMINO DE MATERIA |
| Término de materia o nombre geográfico como elemento de entrada |
Amor familiar |
| 650 ## - PUNTO DE ACCESO ADICIONAL DE MATERIA--TÉRMINO DE MATERIA |
| Término de materia o nombre geográfico como elemento de entrada |
Crisis existencial |
| 942 ## - ELEMENTOS DE PUNTO DE ACCESO ADICIONAL (KOHA) |
| Fuente del sistema de clasificación o colocación |
|
| Tipo de ítem Koha |
Libro Literatura |